000
00261nam a2200121Ia 4500
008
190216s9999||||xx |||||||||||||| ||und||
100
_a
Null
245
0
_a
Hindi-Thin Lahare
260
_b
Poorna Pubs Kozhikode
300
_a
74
650
_a
Hindi
942
_c
BK
999
_c
15627
_d
15627